Pokémon - Évoli et ses évolutions par images - Statistiques

Statistiques générales
  • Ce quiz a été pris 12 fois
  • Le résultat moyen est 7 sur 9
Statistiques - réponses
Par images Réponse % Correct
Évoli
100%
Aquali
92%
Noctali
92%
Pyroli
83%
Voltali
83%
Givrali
75%
Mentali
75%
Phyllali
75%
Nymphali
67%
Aucun quiz correspondant
Distribution des résultats
% des personnes avec chaque résultat
Percentile par nombre de réponses
Votre historique - résultats
Vous n’avez pas pris ce quiz